| 000 | 01158 a2200253 4500 | ||
|---|---|---|---|
| 001 | 116905 | ||
| 020 | _a9788535645965 | ||
| 020 | _q(Broch.) | ||
| 041 | _apor | ||
| 082 | _a028.5 | ||
| 100 | _aDugnani, Patrício | ||
| 240 | 1 | 0 | _lPortuguês |
| 300 | _a24p. | ||
| 490 | _aDedo mindinho | ||
| 520 | _aPor volta dos 4 anos de idade, a criança começa a perguntar como e por quê as coisas acontecem, num processo natural de desenvolvimento cognitivo e de aquisição da linguagem; neste livro, Patrício Dugnani tenta responder a algumas perguntas bastante curiosas: por que aves, insetos, super-heróis e tantas outras coisas voam? Uma criança também pode voar? Afinal; o que é preciso para voar? A cada página, uma explicação colorida e poética, que se abre a novas compreensões e descobertas, aguçando a percepção do pequeno leitor para o conhecimento. | ||
| 521 | _aYear 1 | ||
| 697 | _aLiteratura infantil | ||
| 856 | _u000027/0000276e.jpg | ||
| 040 |
_aBR-BrIDEA _cBR-BrIDEA |
||
| 090 |
_aA Year 1 028 _bDUG |
||
| 245 | 1 | 0 |
_aO que é preciso para voar _cPatrício Dugnani |
| 260 |
_aSão Paulo _bPaulinas _c2020 |
||
| 942 | _cBK | ||
| 999 |
_c116905 _d116905 |
||